LEADER 01223nas 2200349-a 450 001 996214335103316 005 20240413013850.0 035 $a(CKB)1000000000325019 035 $a(CONSER)---00224544- 035 $a(EXLCZ)991000000000325019 100 $a20000725a19999999 -a- b 101 0 $avie 200 00$aNghiên c?u tôn giáo 210 $aHà N?i $cVi?n nghiên c?u tôn giáo, Trung tâm khoa h?c xã h?i và nhân v?n qu?c gia$d[1999]- 215 $a1 online resource 300 $aTitle from cover. 311 $aPrint version: Nghiên c?u tôn giáo. (DLC)###00224544 (DLC) 99920986 (OCoLC)44644546 1859-0403 517 3 $aReligious studies 531 1 $aTôn giáo 606 $aReligion$vPeriodicals 606 $aReligion$2fast$3(OCoLC)fst01093763 607 $aVietnam$xReligion$vPeriodicals 607 $aVietnam$2fast$1https://id.oclc.org/worldcat/entity/E39PBJjhFyhTBdYgGbRpV6YwYP 608 $aPeriodicals.$2fast 615 0$aReligion 615 7$aReligion. 712 02$aVi?n nghiên c?u tôn giáo (Vietnam) 906 $aJOURNAL 912 $a996214335103316 920 $aexl_impl conversion 996 $aNghiên c?u tôn giáo$92068308 997 $aUNISA LEADER 01345nam a2200349 i 4500 001 991000963289707536 005 20250327100904.0 008 940318s1981 gw r 101 0 eng d 020 $a3540105700 035 $ab10154371-39ule_inst 035 $aLE00639845$9ExL 040 $aDip.to Fisica$bita 084 $a53(06) 084 $a53(082.2) 084 $a53.3.4 084 $a53.4.3 084 $a539.7 084 $aQC770 111 2 $aWorkshop "From collective states to quarks in nuclei"$0462112 245 10$aFrom collective states to quarks in nuclei :$bproceedings of the Workshop on Nuclear physics with real and virtual photons held in Bologna (Italy), November 25-28, 1980 /$cedited by H. Arenhövel and A.M. Saruis 260 $aBerlin :$bSpringer-Verlag,$c1981 300 $avii, 414 p. ;$c24 cm 490 0 $aLecture notes in physics / edited by J. Ehlers...[et al.] ;$v137 650 4$aElectromagnetic interactions$xCongresses 700 1 $aArenhövel, H. 700 1 $aSaruis, A.M. 907 $a.b10154371$b17-02-17$c27-06-02 912 $a991000963289707536 945 $aLE006 53.4.3 ARE$g1$i2006000064316$lle006$o-$pE0.00$q-$rl$s-$t0$u0$v0$w0$x0$y.i10186682$z27-06-02 996 $aFrom collective states to quarks in nuclei$9187927 997 $aUNISALENTO 998 $ale006$b01-01-94$cm$da$e-$feng$gde$h0$i1